[Event "37th Reykjavik op"]
[Site "Reykjavik ISL"]
[Date "2024.03.21"]
[Round "9.37"]
[White "Soderstrom, Adrian"]
[Black "Manucharyan, Andriy"]
[WhiteElo "2288"]
[BlackElo "2080"]
[Result "1-0"]
[EventDate "2024.03.15"]
[PlyCount "173"]

1. d4 {[%eval 17,0]} Nf6 {[%eval 16,0]} 2. c4 {[%eval 16,0]} e6 {[%eval 21,0]}
3. Nf3 {[%eval 0,0]} d5 {[%eval 12,0]} 4. g3 {[%eval 13,0]} dxc4 {[%eval 22,0]}
5. Bg2 {[%eval 21,0]} Nc6 {[%eval 3,0]} 6. Qa4 {[%eval 48,0]} Bb4+ {[%eval 26,
0]} 7. Bd2 {[%eval 47,0]} Nd5 {[%eval 21,0]} 8. Qb5 {[%eval 11,0]} Bxd2+ {
[%eval 13,0]} 9. Nbxd2 {[%eval 14,0]} c3 {[%eval 14,0]} 10. bxc3 {[%eval 7,0]}
Nxc3 {[%eval 15,0]} 11. Qd3 {[%eval 19,0]} Nd5 {[%eval 15,0]} 12. O-O {[%eval
14,0]} O-O {[%eval 8,0]} 13. Rfc1 {[%eval 12,0]} Qe7 {[%eval 2,0]} 14. a3 {
[%eval 4,0]} Rd8 {[%eval 3,0]} 15. Nb3 {[%eval 23,0]} Rb8 {[%eval 3,0]} 16. Ra2
{[%eval 36,0]} Nb6 {[%eval 0,0]} 17. e4 {[%eval 16,0]} Nxd4 {[%eval 22,0]} 18.
Nfxd4 {[%eval 51,0]} e5 {[%eval 49,0]} 19. a4 {[%eval 96,0]} exd4 {[%eval 98,0]
} 20. a5 {[%eval -94,0]} Na8 {[%eval -99,0]} 21. Rd2 {[%eval 9,0]} Be6 {
[%eval -86,0]} 22. Nxd4 {[%eval 87,0]} Qb4 {[%eval 32,0]} 23. Rcd1 $2 {[%eval
-95,0] Mistake. Qc3 was best.} (23. Qc3 Qxc3 24. Rxc3 b6 25. Rcc2 Bd7 26. Nc6
Bxc6 27. Rxd8+ Rxd8 28. Rxc6 Rd1+ 29. Bf1 Kf8) 23... c5 {[%eval -92,0]} 24. Nc6
$6 {[%eval -15,0] Inaccuracy. Qb5 was best.} (24. Qb5 Qa3) 24... Qxd2 {[%eval
-1,0]} 25. Nxd8 {[%eval -24,0]} Qxd3 {[%eval -45,0]} 26. Rxd3 {[%eval -44,0]}
c4 {[%eval -56,0]} 27. Rd4 {[%eval -56,0]} b5 $2 {[%eval 31,0] Mistake. Rc8
was best.} (27... Rc8 28. Rd1 c3 29. Nxe6 fxe6 30. Rc1 e5 31. Kf1 Rc5 32. Ke2
Nc7 33. Kd3 Rxa5 34. Rxc3) 28. e5 $6 {[%eval -98,0] Inaccuracy. Nc6 was best.}
(28. Nc6) 28... a6 $6 {[%eval 0,0] Inaccuracy. c3 was best.} (28... c3 29. Be4
Rc8 30. Nxe6 fxe6 31. Kf1 Nc7 32. Ke2 Na6 33. Kd1 Rb8 34. Kc2 b4 35. Rc4) 29.
f4 {[%eval 35,0]} Nc7 {[%eval 2,0]} 30. Nc6 {[%eval 6,0]} Re8 {[%eval 0,0]} 31.
Be4 {[%eval 33,0]} g6 {[%eval 0,0]} 32. Nb4 {[%eval 0,0]} Bf5 {[%eval 0,0]} 33.
Bxf5 {[%eval 0,0]} gxf5 {[%eval 0,0]} 34. Rd6 {[%eval 4,0]} Ne6 $6 {[%eval 101,
0] Inaccuracy. Kf8 was best.} (34... Kf8 35. Rc6 Re7 36. Kf1 Rd7 37. Ke2 Nd5
38. Nxd5 Rxd5 39. Rxa6 b4 40. Rb6 Rxa5 41. Rxb4) 35. Rxa6 {[%eval 107,0]} Rc8 {
[%eval 119,0]} 36. Rb6 {[%eval 116,0]} c3 {[%eval 113,0]} 37. a6 {[%eval 101,0]
} Kg7 {[%eval 92,0]} 38. Nc2 {[%eval 104,0]} Ra8 {[%eval 133,0]} 39. Kf1 $2 {
[%eval 2,0] Mistake. Rc6 was best.} (39. Rc6 Nd8) 39... Nc5 $6 {[%eval 79,0]
Inaccuracy. Nc7 was best.} (39... Nc7) 40. Rxb5 {[%eval 66,0]} Nxa6 {[%eval 73,
0]} 41. Ra5 {[%eval 39,0]} f6 {[%eval 55,0]} 42. exf6+ {[%eval 48,0]} Kf7 {
[%eval 76,0]} 43. Rxf5 $6 {[%eval 19,0] Inaccuracy. Ra3 was best.} (43. Ra3 Nc7
44. Rxc3 Ne6 45. Ne3 Kxf6 46. Kg2 h5 47. Rc6 h4 48. g4 Ra2+ 49. Kh3 fxg4+)
43... Rd8 {[%eval 2,0]} 44. Ra5 {[%eval 18,0]} Rd1+ $6 {[%eval 125,0]
Inaccuracy. Rd2 was best.} (44... Rd2 45. Rxa6 Rxc2 46. Rc6 Rxh2 47. Rxc3 h5
48. Kg1 Rd2 49. Rc6 Rb2 50. Ra6 Kg6 51. Ra5) 45. Ke2 $2 {[%eval 0,0] Mistake.
Kg2 was best.} (45. Kg2 Nc7 46. Ra7 Rd7 47. Kf3 Kxf6 48. Ne3 Ke6 49. Ke4 Kd6
50. f5 Re7+ 51. Kd3 Kc6) 45... Rd2+ {[%eval 0,0]} 46. Ke3 {[%eval 0,0]} Rxc2 {
[%eval 0,0]} 47. Rxa6 {[%eval 0,0]} Rxh2 {[%eval 0,0]} 48. Rc6 {[%eval 0,0]} c2
{[%eval 0,0]} 49. Ke4 {[%eval 0,0]} Rg2 {[%eval 0,0]} 50. Kf3 {[%eval 0,0]} Rd2
{[%eval 0,0]} 51. g4 {[%eval 0,0]} Kg6 {[%eval 21,0]} 52. Ke3 {[%eval 11,0]}
Rg2 $4 {[%eval 307,0] Blunder. Rd6 was best.} (52... Rd6) 53. g5 {[%eval 399,0]
} Kf7 {[%eval 402,0]} 54. Ke4 {[%eval 397,0]} Rd2 {[%eval 367,0]} 55. Rc7+ {
[%eval 344,0]} Kf8 $6 {[%eval 404,0] Inaccuracy. Ke8 was best.} (55... Ke8 56.
Ke3 Rh2 57. Kf3 Rd2 58. f5 Rd3+ 59. Kf4 Rd1 60. Rc8+ Kf7 61. Rxc2 Rf1+ 62. Ke5)
56. Kf5 {[%eval 414,0]} Rg2 {[%eval 395,0]} 57. Ke4 {[%eval 394,0]} Rd2 {
[%eval 364,0]} 58. Kf3 {[%eval 428,0]} Ke8 {[%eval 423,0]} 59. f5 {[%eval 394,
0]} Kd8 {[%eval 488,0]} 60. Rc4 {[%eval 485,0]} Ke8 {[%eval 543,0]} 61. Rc8+ {
[%eval 471,0]} Kf7 {[%eval 582,0]} 62. Rc7+ {[%eval 596,0]} Ke8 {[%eval 533,0]}
63. g6 {[%eval 507,0]} hxg6 {[%eval 574,0]} 64. fxg6 {[%eval 572,0]} Rd6 $6 {
[%eval 863,0] Inaccuracy. Kd8 was best.} (64... Kd8 65. Rxc2 Rxc2 66. g7 Rc3+
67. Kf4 Rc4+ 68. Kg5 Rc5+ 69. Kg6 Rc6 70. g8=Q+ Kc7 71. Qd5) 65. f7+ {[%eval
863,0]} Kd8 {[%eval 1081,0]} 66. f8=Q+ {[%eval 987,0]} Kxc7 {[%eval 859,0]} 67.
Qf4 {[%eval 719,0]} Kb7 {[%eval 552,0]} 68. Qc1 $4 {[%eval 238,0] Blunder.
Qf7+ was best.} (68. Qf7+ Kb6 69. Qb3+ Ka5 70. Qa3+ Kb5 71. Qb2+ Ka6 72. Qxc2
Rf6+ 73. Ke3 Re6+ 74. Qe4 Rxg6) 68... Rxg6 {[%eval 232,0]} 69. Qxc2 {[%eval
227,0]} Rd6 {[%eval 235,0]} 70. Ke4 {[%eval 232,0]} Rc6 {[%eval 277,0]} 71. Qg2
{[%eval 248,0]} Kc7 $4 {[%eval 549,0] Blunder. Rc5 was best.} (71... Rc5 72.
Kd4+) 72. Kd5 {[%eval 536,0]} Rd6+ {[%eval 504,0]} 73. Kc5 {[%eval 32670,0]}
Re6 {[%eval 32674,0]} 74. Qg7+ {[%eval 32686,0]} Kd8 {[%eval 32684,0]} 75. Qf8+
{[%eval 1732,0]} Kd7 {[%eval 32672,0]} 76. Qf7+ {[%eval 32674,0]} Re7 {[%eval
32684,0]} 77. Qf5+ {[%eval 703,0]} Kc7 {[%eval 539,0]} 78. Qf6 {[%eval 516,0]}
Kd7 {[%eval 519,0]} 79. Kd5 {[%eval 501,0]} Ke8 {[%eval 489,0]} 80. Qf5 {
[%eval 336,0]} Rf7 $4 {[%eval 32736,0] Checkmate is now unavoidable. Rd7+ was
best.} (80... Rd7+ 81. Ke6) 81. Qc8+ {[%eval 32738,0]} Ke7 {[%eval 32738,0]}
82. Ke5 {[%eval 32740,0]} Rg7 {[%eval 32738,0]} 83. Qc7+ {[%eval 32742,0]} Kf8
{[%eval 32742,0]} 84. Qd8+ {[%eval 32744,0]} Kf7 {[%eval 32730,0]} 85. Kf5 {
[%eval 32724,0]} Rg1 86. Qd5+ Ke8 87. Qa8+ 1-0

[Event "37th Reykjavik op"]
[Site "Reykjavik ISL"]
[Date "2024.03.21"]
[Round "9.38"]
[White "Botez, Alexandra"]
[Black "Stanford, Maxim Barth"]
[WhiteElo "1986"]
[BlackElo "2275"]
[Result "0-1"]
[EventDate "2024.03.15"]
[PlyCount "70"]

1. d4 {[%eval 17,0]} Nf6 {[%eval 16,0]} 2. c4 {[%eval 16,0]} g6 {[%eval 26,0]}
3. Nc3 {[%eval 31,0]} d5 {[%eval 2,0]} 4. e3 {[%eval 19,0]} Bg7 {[%eval 23,0]}
5. Nf3 {[%eval 5,0]} O-O {[%eval 11,0]} 6. Bd2 {[%eval 0,0]} c5 {[%eval 0,0]}
7. dxc5 {[%eval 0,0]} Na6 {[%eval 28,0]} 8. cxd5 {[%eval 6,0]} Nxc5 {[%eval 13,
0]} 9. Bc4 {[%eval 17,0]} a6 {[%eval 12,0]} 10. b4 {[%eval 1,0]} Nce4 {[%eval
1,0]} 11. Rc1 {[%eval 11,0]} Bg4 {[%eval 14,0]} 12. h3 {[%eval 3,0]} Nxd2 {
[%eval 9,0]} 13. Qxd2 {[%eval 6,0]} Bxf3 {[%eval 6,0]} 14. gxf3 {[%eval 7,0]}
Rc8 {[%eval 4,0]} 15. Bb3 {[%eval 2,0]} Qd6 {[%eval 3,0]} 16. b5 {[%eval 9,0]}
Nd7 {[%eval 1,0]} 17. Ke2 {[%eval 15,0]} Qb4 {[%eval 17,0]} 18. Ne4 {[%eval 19,
0]} Qxb5+ {[%eval 11,0]} 19. Qd3 {[%eval 14,0]} Qb6 {[%eval 0,0]} 20. f4 {
[%eval 0,0]} Nc5 {[%eval 7,0]} 21. Nxc5 {[%eval 0,0]} Rxc5 {[%eval 0,0]} 22.
Rxc5 {[%eval 0,0]} Qxc5 {[%eval 0,0]} 23. h4 {[%eval 0,0]} Rc8 {[%eval 0,0]}
24. h5 {[%eval 0,0]} Qb4 {[%eval 0,0]} 25. hxg6 {[%eval 0,0]} hxg6 {[%eval 2,0]
} 26. Kf3 {[%eval 0,0]} a5 {[%eval 0,0]} 27. Qe4 $4 {[%eval -187,0] Blunder.
d6 was best.} (27. d6 Qxd6 28. Qxd6 exd6 29. Rd1 Bf8 30. Rd5 Rc5 31. Rxc5 dxc5
32. Bc4 Be7 33. Kg4 Kg7) 27... Qxe4+ {[%eval -183,0]} 28. Kxe4 {[%eval -199,0]}
a4 {[%eval -197,0]} 29. Bd1 {[%eval -192,0]} Rc3 $2 {[%eval 63,0] Mistake. Rc1
was best.} (29... Rc1 30. d6 exd6 31. Bf3 Rc2 32. Kd3 Rxa2 33. Bd5 Rxf2 34. Rc1
b5 35. Rc8+ Kh7 36. Bxf7) 30. Be2 $2 {[%eval -161,0] Mistake. f5 was best.} (
30. f5) 30... Rc2 {[%eval -133,0]} 31. Kd3 $6 {[%eval -257,0] Inaccuracy. Kf3
was best.} (31. Kf3 a3 32. e4 Rxa2 33. e5 Rb2 34. Ra1 Rb3+ 35. Kg2 b5 36. Rc1
a2 37. Rc8+ Kh7) 31... Rxa2 {[%eval -277,0]} 32. Rb1 {[%eval -211,0]} a3 {
[%eval -214,0]} 33. Rxb7 {[%eval -218,0]} Rxe2 {[%eval -232,0]} 34. Rxe7 $6 {
[%eval -466,0] Inaccuracy. Kxe2 was best.} (34. Kxe2 a2 35. Rb8+ Kh7 36. Ra8
a1=Q 37. Rxa1 Bxa1 38. Kd1 Kh6 39. Ke2 Kh5 40. Kf3 Kh4) 34... a2 {[%eval -475,
0]} 35. Ra7 {[%eval -484,0]} Rxf2 {[%eval -495,0]} 0-1

[Event "37th Reykjavik op"]
[Site "Reykjavik ISL"]
[Date "2024.03.21"]
[Round "9.39"]
[White "Sveinsson, Gudmundur Peng"]
[Black "Botez, Andrea"]
[WhiteElo "1620"]
[BlackElo "1825"]
[Result "1/2-1/2"]
[EventDate "2024.03.15"]
[PlyCount "143"]

1. e4 {[%eval 13,0]} c5 {[%eval 33,0]} 2. Nf3 {[%eval 22,0]} g6 {[%eval 64,0]}
3. d4 {[%eval 58,0]} cxd4 {[%eval 54,0]} 4. Nxd4 {[%eval 42,0]} Bg7 {[%eval 59,
0]} 5. c4 {[%eval 5,0]} Nc6 {[%eval 63,0]} 6. Be3 {[%eval 49,0]} d6 {[%eval 67,
0]} 7. Be2 {[%eval 68,0]} Nf6 {[%eval 71,0]} 8. Nc3 {[%eval 62,0]} O-O {
[%eval 68,0]} 9. O-O {[%eval 65,0]} a5 $6 {[%eval 127,0] Inaccuracy. Nxd4 was
best.} (9... Nxd4 10. Bxd4) 10. h3 $6 {[%eval 6,0] Inaccuracy. Ndb5 was best.}
(10. Ndb5) 10... Bd7 $6 {[%eval 141,0] Inaccuracy. Nxd4 was best.} (10... Nxd4
11. Bxd4 Bd7 12. b3 Bc6 13. Qc2 Nd7 14. Bxg7 Kxg7 15. Rad1 Qc7 16. f4 Qb6+ 17.
Kh1) 11. Rc1 $2 {[%eval 9,0] Mistake. Ndb5 was best.} (11. Ndb5 Nb8 12. f4 Bxb5
13. cxb5 Nbd7 14. Bf3 Rc8 15. Rc1 Nc5 16. Qd2 e5 17. f5 gxf5) 11... a4 $2 {
[%eval 147,0] Mistake. Nxd4 was best.} (11... Nxd4) 12. Re1 $2 {[%eval 1,0]
Mistake. Ndb5 was best.} (12. Ndb5) 12... a3 $6 {[%eval 89,0] Inaccuracy. Nxd4
was best.} (12... Nxd4 13. Bxd4 Bh6 14. Rc2 e5 15. Be3 Bxe3 16. fxe3 Bc6 17.
Bd3 h5 18. Rf2 h4 19. Bc2) 13. b3 {[%eval 77,0]} Qa5 {[%eval 104,0]} 14. Bd3 {
[%eval 77,0]} Rfc8 {[%eval 101,0]} 15. Bb1 {[%eval 71,0]} Nh5 $2 {[%eval 214,0]
Mistake. Nxd4 was best.} (15... Nxd4) 16. Qd2 $2 {[%eval 56,0] Mistake. Nd5
was best.} (16. Nd5 Qd8 17. Nb5 Bb2 18. Rc2 Ra6 19. Bg5 f6 20. Be3 Ne5 21. f4
Nf7 22. Qf3 Bxb5) 16... Nxd4 {[%eval 58,0]} 17. Bxd4 {[%eval 58,0]} Bxd4 {
[%eval 66,0]} 18. Qxd4 {[%eval 12,0]} Qg5 {[%eval 24,0]} 19. Qe3 {[%eval 31,0]}
Nf4 {[%eval 25,0]} 20. Qg3 {[%eval 24,0]} Rc5 {[%eval 27,0]} 21. Re3 $4 {
[%eval -197,0] Blunder. b4 was best.} (21. b4) 21... Qh6 {[%eval -27,0]} 22.
Nd5 $2 {[%eval -237,0] Mistake. Kf1 was best.} (22. Kf1 Rh5) 22... Ne2+ {
[%eval -206,0]} 23. Rxe2 {[%eval -205,0]} Qxc1+ {[%eval -216,0]} 24. Kh2 {
[%eval -217,0]} Rxd5 {[%eval -229,0]} 25. exd5 {[%eval -245,0]} Qxb1 {[%eval
-224,0]} 26. Rxe7 {[%eval -391,0]} Bf5 {[%eval -231,0]} 27. Qxd6 {[%eval -217,
0]} Qb2 $6 {[%eval -131,0] Inaccuracy. Qxa2 was best.} (27... Qxa2 28. Qb6 Qb2
29. Qxb7 Rf8 30. Qa6 a2 31. Ra7 Bb1 32. d6 Qxf2 33. d7 Qf4+ 34. Kh1) 28. Qf4 $6
{[%eval -231,0] Inaccuracy. Qb4 was best.} (28. Qb4 Qxa2) 28... Rf8 {[%eval
-232,0]} 29. g4 {[%eval -236,0]} Bc8 {[%eval -263,0]} 30. d6 {[%eval -296,0]}
f5 $4 {[%eval 0,0] Blunder. Qxa2 was best.} (30... Qxa2 31. d7 Bxd7 32. Rxd7
Qxb3 33. Qf6 Qxc4 34. Rxb7 Ra8 35. Rd7 a2 36. Rd1 Qc7+ 37. Kg2) 31. g5 {
[%eval 0,0]} Rd8 $2 {[%eval 124,0] Mistake. Qxa2 was best.} (31... Qxa2 32. Qh4
h5 33. gxh6 Qb2 34. Rg7+ Kh8 35. Qe7 Qxf2+ 36. Kh1 Qf1+ 37. Kh2) 32. c5 {
[%eval 129,0]} Qc3 $4 {[%eval 601,0] Blunder. Bd7 was best.} (32... Bd7 33. b4)
33. d7 $4 {[%eval 138,0] Blunder. Qh4 was best.} (33. Qh4 Qg7 34. Rxg7+ Kxg7
35. Qd4+ Kg8 36. Qd5+ Kg7 37. Qe5+ Kg8 38. Qe7 Rf8 39. b4 f4) 33... Bxd7 $4 {
[%eval 366,0] Blunder. Rxd7 was best.} (33... Rxd7) 34. Qc7 {[%eval 391,0]} Re8
{[%eval 341,0]} 35. Rxd7 {[%eval 329,0]} Qb2 $6 {[%eval 467,0] Inaccuracy.
Qe5+ was best.} (35... Qe5+ 36. Qxe5) 36. Kg2 {[%eval 459,0]} f4 {[%eval 544,0]
} 37. Rxh7 $6 {[%eval 428,0] Inaccuracy. Qxf4 was best.} (37. Qxf4 Rf8 38. Qc4+
Kh8 39. Rf7 Rxf7 40. Qxf7 h5 41. gxh6 Qe5 42. Qxg6 Qd5+ 43. Kh2 Qe5+) 37... f3+
{[%eval 449,0]} 38. Kg3 {[%eval 436,0]} Rf8 $6 {[%eval 601,0] Inaccuracy. Qe5+
was best.} (38... Qe5+ 39. Qxe5 Rxe5 40. Rxb7 Rxg5+ 41. Kxf3 Rf5+ 42. Kg2 Rg5+
43. Kf1 Rxc5 44. Ra7 Rh5 45. Rxa3) 39. Rh6 {[%eval 586,0]} Qg7 {[%eval 584,0]}
40. Qxg7+ $6 {[%eval 451,0] Inaccuracy. Qd6 was best.} (40. Qd6 Rf5 41. Qe6+
Qf7 42. Qc8+ Qf8 43. Rxg6+ Kh7 44. Qxf8 Rxf8 45. Rh6+ Kg7 46. c6 bxc6) 40...
Kxg7 {[%eval 427,0]} 41. Rh4 {[%eval 424,0]} Rf5 {[%eval 422,0]} 42. Rc4 {
[%eval 361,0]} Rxg5+ {[%eval 389,0]} 43. Kxf3 {[%eval 383,0]} Rf5+ {[%eval 379,
0]} 44. Kg2 {[%eval 338,0]} Rg5+ {[%eval 306,0]} 45. Kh2 $6 {[%eval 278,0]
Inaccuracy. Kf3 was best.} (45. Kf3 Rd5 46. Ke2 Re5+ 47. Kd3 g5 48. Rb4 Rxc5
49. Rxb7+ Kh6 50. Ra7 Rc1 51. Rxa3 Rh1) 45... Rf5 {[%eval 351,0]} 46. Rc2 {
[%eval 303,0]} Rf4 {[%eval 346,0]} 47. Kg3 {[%eval 344,0]} Rd4 {[%eval 343,0]}
48. f3 $6 {[%eval 227,0] Inaccuracy. Kf3 was best.} (48. Kf3 Rd1 49. Ke2 Rb1
50. Kd3 Kf6 51. Rd2 Rc1 52. b4 g5 53. Kd4 Rb1 54. Kc4 Rb2) 48... Kh6 $6 {
[%eval 317,0] Inaccuracy. Kf7 was best.} (48... Kf7 49. f4) 49. Kg2 $6 {
[%eval 201,0] Inaccuracy. Kf2 was best.} (49. Kf2 Rd1 50. Ke3 Kg5 51. Rd2 Rh1
52. Rd7 Rh2 53. Rxb7 Rxa2 54. Ra7 Kf6 55. Kd4 Ra1) 49... Kg5 $6 {[%eval 287,0]
Inaccuracy. g5 was best.} (49... g5 50. Kf2) 50. Kg3 {[%eval 298,0]} Rd1 {
[%eval 304,0]} 51. h4+ {[%eval 281,0]} Kh5 {[%eval 298,0]} 52. Kf4 {[%eval 287,
0]} Rd4+ $6 {[%eval 426,0] Inaccuracy. Rh1 was best.} (52... Rh1 53. Ke5 Kxh4
54. Rg2 Ra1 55. Kd6 Kh3 56. Re2 Rb1 57. Re7 Rd1+ 58. Ke6 Re1+ 59. Kf6) 53. Ke5
{[%eval 413,0]} Rd3 {[%eval 459,0]} 54. Ke4 $6 {[%eval 358,0] Inaccuracy. b4
was best.} (54. b4 Rxf3 55. b5 Kxh4 56. c6 bxc6 57. bxc6 Rf8 58. c7 Rc8 59.
Rc4+ Kg3 60. Rc3+ Kh4) 54... Rd1 {[%eval 325,0]} 55. Rh2 {[%eval 319,0]} Rb1 $6
{[%eval 431,0] Inaccuracy. Kh6 was best.} (55... Kh6 56. Rg2 Rf1 57. Rd2 Kh5
58. Rd7 Kxh4 59. Rxb7 Ra1 60. b4 Rxa2 61. Ra7 Ra1 62. Kd5) 56. Kd3 {[%eval 418,
0]} Rf1 {[%eval 384,0]} 57. Ke2 $4 {[%eval 8,0] Blunder. b4 was best.} (57. b4
Rxf3+ 58. Kc4 Kg4 59. Rd2 Kf5 60. Rd7 Rf4+ 61. Kb3 Rxh4 62. Rxb7 Rh3+ 63. Ka4
Rc3) 57... Rc1 {[%eval 3,0]} 58. Kd3 {[%eval 6,0]} Rxc5 {[%eval 15,0]} 59. Kd4
{[%eval 3,0]} Rc1 {[%eval 5,0]} 60. Kd3 {[%eval 3,0]} Rf1 {[%eval 4,0]} 61. Ke4
{[%eval 0,0]} Rb1 {[%eval 0,0]} 62. Kd3 {[%eval 0,0]} Rb2 {[%eval 0,0]} 63.
Rxb2 {[%eval 0,0]} axb2 {[%eval 0,0]} 64. Kc2 {[%eval 0,0]} Kxh4 {[%eval 0,0]}
65. a4 {[%eval 0,0]} Kg3 {[%eval 0,0]} 66. b4 {[%eval 0,0]} Kxf3 {[%eval 0,0]}
67. b5 {[%eval 0,0]} Ke4 {[%eval 0,0]} 68. Kxb2 {[%eval 0,0]} Kd5 {[%eval 0,0]}
69. a5 {[%eval 0,0]} g5 {[%eval 0,0]} 70. a6 {[%eval 0,0]} bxa6 {[%eval 0,0]}
71. bxa6 {[%eval 0,0]} Kc6 {[%eval 0,0]} 72. Kc2 {[%eval 0,0]} 1/2-1/2

[Event "37th Reykjavik op"]
[Site "Reykjavik ISL"]
[Date "2024.03.21"]
[Round "9.40"]
[White "Saine, Zachary"]
[Black "Tan, Chong Hien Andrew"]
[WhiteElo "2010"]
[BlackElo "1762"]
[Result "1-0"]
[EventDate "2024.03.15"]
[PlyCount "133"]

1. e4 {[%eval 13,0]} c6 {[%eval 24,0]} 2. d4 {[%eval 28,0]} d5 {[%eval 31,0]}
3. f3 {[%eval 0,0]} dxe4 {[%eval 29,0]} 4. fxe4 {[%eval 14,0]} e5 {[%eval 52,0]
} 5. Nf3 {[%eval 11,0]} Bg4 {[%eval 11,0]} 6. c3 {[%eval 2,0]} Nd7 {[%eval 33,
0]} 7. Bc4 {[%eval 0,0]} Bd6 {[%eval 0,0]} 8. Qb3 {[%eval 4,0]} Qe7 {[%eval 9,
0]} 9. Bg5 {[%eval 13,0]} Ngf6 {[%eval 24,0]} 10. Nbd2 {[%eval 25,0]} O-O {
[%eval 26,0]} 11. O-O {[%eval 21,0]} h6 {[%eval 22,0]} 12. Bh4 {[%eval 26,0]}
b5 {[%eval 22,0]} 13. Bd3 {[%eval 17,0]} a6 {[%eval 14,0]} 14. Qd1 {[%eval 42,
0]} c5 {[%eval 35,0]} 15. d5 {[%eval 48,0]} c4 {[%eval 12,0]} 16. Bc2 {[%eval
38,0]} g5 {[%eval 55,0]} 17. Be1 {[%eval 88,0]} Bc5+ {[%eval 66,0]} 18. Kh1 {
[%eval 65,0]} Bh5 {[%eval 64,0]} 19. b3 $6 {[%eval -93,0] Inaccuracy. Bg3 was
best.} (19. Bg3 Ng4 20. Qc1 Ne3 21. Re1 Qf6 22. Bd1 Qg6 23. Bc2 Rfe8 24. Nf1
Nxc2 25. Qxc2) 19... Ng4 {[%eval -39,0]} 20. bxc4 {[%eval -12,0]} Ne3 {[%eval
-2,0]} 21. Qc1 {[%eval -16,0]} bxc4 {[%eval -27,0]} 22. a4 {[%eval -191,0]}
Nxf1 {[%eval -199,0]} 23. Nxf1 {[%eval -2,0]} Qf6 {[%eval -47,0]} 24. Bd1 $6 {
[%eval -198,0] Inaccuracy. N3d2 was best.} (24. N3d2 Ba7 25. a5 Rfc8 26. Ng3
Bg6 27. Nf5 Nc5 28. Qd1 Bxf5 29. exf5 Nb3 30. Nxb3 cxb3) 24... Qf4 $6 {[%eval
-44,0] Inaccuracy. Ba7 was best.} (24... Ba7 25. Ng3 Bg6 26. Be2 Nc5 27. Qc2 g4
28. Nd2 Nd3 29. Bxd3 Qb6 30. Ne2 cxd3 31. Qxd3) 25. Bd2 {[%eval -93,0]} Qxe4 $6
{[%eval 78,0] Inaccuracy. Qf6 was best.} (25... Qf6 26. Ne3 Bxe3 27. Bxe3 Qg6
28. Nd2 Bxd1 29. Qxd1 Nf6 30. Bc5 Nxe4 31. Nxe4 Qxe4 32. Bxf8) 26. Ng3 {
[%eval 8,0]} Qg6 {[%eval 73,0]} 27. Nxh5 {[%eval 93,0]} g4 {[%eval 8,0]} 28.
Bxh6 $6 {[%eval -26,0] Inaccuracy. Ng3 was best.} (28. Ng3 gxf3 29. Bxh6 f2 30.
Bxf8 Rxf8 31. Bh5 Qh7 32. Qg5+ Kh8 33. d6 Rg8 34. Qh4 f5) 28... gxf3 $6 {
[%eval 88,0] Inaccuracy. Qxh5 was best.} (28... Qxh5 29. Bxf8 Rxf8 30. Qg5+
Qxg5 31. Nxg5 Nf6 32. g3 Kg7 33. Bc2 Nxd5 34. Rd1 Ne3 35. Rd7) 29. Bxf3 {
[%eval -93,0]} e4 $6 {[%eval 46,0] Inaccuracy. Rfe8 was best.} (29... Rfe8 30.
Be2 f5 31. d6 Kh7 32. Bg5 Re6 33. h4 Rxd6 34. Qf1 Rb8 35. Qf3 e4 36. Qf4) 30.
Be2 {[%eval 57,0]} Rfe8 {[%eval 58,0]} 31. Ng3 $4 {[%eval -155,0] Blunder. Be3
was best.} (31. Be3 Re5 32. g4 Bxe3 33. Qxe3 Qg5 34. Qd4 e3 35. Rf1 Rc8 36. d6
Rd5 37. Qe4 Qe5) 31... e3 {[%eval -154,0]} 32. Bf4 {[%eval -199,0]} Ne5 $2 {
[%eval 51,0] Mistake. Nf6 was best.} (32... Nf6 33. Qd1 Ne4 34. Nxe4 Rxe4 35.
Bc7 Bd6 36. Bh5 e2 37. Bxg6 exd1=Q+ 38. Rxd1 fxg6 39. Bxd6) 33. Bxe3 {[%eval
73,0]} Bxe3 $6 {[%eval 27,0] Inaccuracy. Nd3 was best.} (33... Nd3) 34. Qxe3 {
[%eval 42,0]} Nd3 $2 {[%eval 159,0] Mistake. Rab8 was best.} (34... Rab8) 35.
Qf3 $2 {[%eval 8,0] Mistake. Qd4 was best.} (35. Qd4) 35... Re5 {[%eval 6,0]}
36. Rf1 {[%eval 12,0]} Rae8 {[%eval 0,0]} 37. d6 {[%eval 0,0]} Re3 $4 {[%eval
524,0] Blunder. Qe6 was best.} (37... Qe6 38. a5 Kf8 39. Qb7 Qd5 40. Qd7 Rxe2
41. Nxe2 Rxe2 42. Qc8+ Re8 43. d7 Nf2+ 44. Kg1) 38. Qd5 $4 {[%eval 138,0]
Blunder. d7 was best.} (38. d7 R3e5 39. dxe8=Q+ Rxe8 40. Qd5 Qe6 41. Qg5+ Qg6
42. Qh4 Qb6 43. Qg4+ Kf8 44. Bxd3 cxd3) 38... R3e5 $2 {[%eval 301,0] Mistake.
Rxe2 was best.} (38... Rxe2 39. d7 Nf2+ 40. Rxf2 Re1+ 41. Nf1 Rd8 42. Rf3 Kg7
43. h3 f6 44. Kh2 Re5 45. Qxc4) 39. d7 {[%eval 303,0]} Rd8 {[%eval 274,0]} 40.
Qxc4 {[%eval 206,0]} Nc5 {[%eval 236,0]} 41. Qf4 {[%eval 187,0]} Nxd7 $6 {
[%eval 262,0] Inaccuracy. Rd5 was best.} (41... Rd5 42. h3 R8xd7 43. Bg4 Ne6
44. Qe4 Rg5 45. Nf5 Kh7 46. Qe2 a5 47. Ng3 Rdd5 48. Ne4) 42. Bc4 $6 {[%eval
166,0] Inaccuracy. Bg4 was best.} (42. Bg4 f6 43. Bf5 Qf7 44. h3 Nc5 45. Qh4
Rdd5 46. Be4 Rd2 47. Rxf6 Nxe4 48. Rxf7) 42... Rf8 $2 {[%eval 366,0] Mistake.
Qg5 was best.} (42... Qg5 43. Qf3) 43. Nf5 {[%eval 337,0]} Kh8 {[%eval 384,0]}
44. Rf3 $6 {[%eval 292,0] Inaccuracy. Qd4 was best.} (44. Qd4 Rg8 45. Qh4+ Qh7
46. Nh6 Rf8 47. Nxf7+ Rxf7 48. Qd8+ Qg8 49. Qxg8+ Kxg8 50. Rxf7 Kh8) 44... Re1+
$6 {[%eval 427,0] Inaccuracy. Qxf5 was best.} (44... Qxf5 45. Qxf5 Rxf5 46.
Rxf5 Nb6 47. Bb3 Rc8 48. Rf3 f6 49. Kg1 Kg7 50. Kf1 Nc4 51. Rg3+) 45. Bf1 {
[%eval 402,0]} Rxf1+ {[%eval 465,0]} 46. Rxf1 {[%eval 404,0]} Rg8 $6 {[%eval
601,0] Inaccuracy. Qf6 was best.} (46... Qf6 47. Qe3 Rb8 48. h3 Rf8 49. Ng3 Qe6
50. Qg5 Qg6 51. Qh4+ Qh7 52. Qd4+ Qg7 53. Qxd7) 47. Qh4+ {[%eval 574,0]} Qh7 {
[%eval 509,0]} 48. Qd4+ {[%eval 553,0]} f6 {[%eval 568,0]} 49. Rf3 {[%eval 563,
0]} Re8 {[%eval 552,0]} 50. Kg1 {[%eval 501,0]} Ne5 {[%eval 408,0]} 51. Rf4 $6
{[%eval 313,0] Inaccuracy. Kf1 was best.} (51. Kf1 Nxf3 52. Qxf6+ Kg8 53. Nh6+
Qxh6 54. Qxh6 Ne5 55. Qg5+ Kf7 56. a5 Kf8 57. h3) 51... Ng4 $6 {[%eval 479,0]
Inaccuracy. Qd7 was best.} (51... Qd7 52. Ng3 Re6 53. Qc5 Qd8 54. Rd4 Qb8 55.
Qd5 Qb1+ 56. Rd1 Qb6+ 57. Kh1 Qc6 58. Qd4) 52. Rxg4 {[%eval 491,0]} Qxf5 {
[%eval 481,0]} 53. Rh4+ $6 {[%eval 342,0] Inaccuracy. Rf4 was best.} (53. Rf4
Qe5 54. Rxf6 Qe1+ 55. Rf1+ Qe5 56. h3 Qxd4+ 57. cxd4 Kg7 58. Rf5 Rd8 59. Ra5
Rxd4) 53... Kg7 {[%eval 345,0]} 54. Qg4+ {[%eval 334,0]} Qxg4 {[%eval 347,0]}
55. Rxg4+ {[%eval 349,0]} Kf7 {[%eval 339,0]} 56. Rc4 {[%eval 312,0]} Re5 {
[%eval 355,0]} 57. Kf2 {[%eval 356,0]} a5 {[%eval 431,0]} 58. g4 {[%eval 419,0]
} Ke6 {[%eval 442,0]} 59. Rc6+ {[%eval 394,0]} Kf7 {[%eval 417,0]} 60. Kf3 {
[%eval 383,0]} Kg6 {[%eval 464,0]} 61. h4 {[%eval 449,0]} Rd5 {[%eval 556,0]}
62. g5 {[%eval 501,0]} Kh5 {[%eval 616,0]} 63. Rxf6 {[%eval 604,0]} Kxh4 {
[%eval 557,0]} 64. Kf4 {[%eval 526,0]} Rxg5 $4 {[%eval 32732,0] Checkmate is
now unavoidable. Kh3 was best.} (64... Kh3 65. g6 Rd7 66. Rf5 Rc7 67. Kg5 Kg3
68. Rxa5 Rxc3 69. g7 Kf2 70. Rf5+ Ke2 71. Kg6) 65. Rh6+ {[%eval 32734,0]} Rh5 {
[%eval 32734,0]} 66. Rxh5+ {[%eval 32736,0]} Kxh5 {[%eval 32730,0]} 67. Kf5 1-0